Microeconomía (Registro nro. 6068)

Detalles MARC
000 -LEADER
fixed length control field 03555 a2200253 4500
001 - CONTROL NUMBER
control field 56897
005 - DATE AND TIME OF LATEST TRANSACTION
control field 20260407155832.0
008 - FIXED-LENGTH DATA ELEMENTS--GENERAL INFORMATION
fixed length control field 260407a1973 arg spa d
003 - CONTROL NUMBER IDENTIFIER
control field AR-UNSa-BCEJYS
040 ## - CATALOGING SOURCE
Original cataloging agency AR-UNSa-BCEJYS
Language of cataloging spa
Transcribing agency AR-UNSa-BCEJYS
080 ## - UNIVERSAL DECIMAL CLASSIFICATION NUMBER
Universal Decimal Classification number 330.101.542
Common auxiliary subdivision Microeconomía
041 ## - LANGUAGE CODE
Language code of text/sound track or separate title spa
100 1# - MAIN ENTRY--PERSONAL NAME
Personal name Breit, William
245 10 - TITLE STATEMENT
Title Microeconomía
250 ## - EDITION STATEMENT
Edition statement 2a. ed.
264 #1 - PRODUCTION, PUBLICATION, DISTRIBUTION, MANUFACTURE, AND COPYRIGHT NOTICE
Place of production, publication, distribution, manufacture México :
Name of producer, publisher, distributor, manufacturer Interamericana
Date of production, publication, distribution, manufacture, or copyright notice 1973
300 ## - PHYSICAL DESCRIPTION
Extent xiii, 459 p.
Dimensions 26 cm.
505 ## - FORMATTED CONTENTS NOTE
Formatted contents note 1. La organización social económica / Frank H. Knight - 2. La metodología de la economía positiva / Milton Friedman – 3. Los supuestos en la teoría económica / Ernest Nagel – 4. El significado de la medición / Armen A. Alchian – 5. La revisión de la teoría de la demanda del profesor Hicks / Fritz Machlup – 6. La curva de demanda marshalliana / Milton Friedman – 7. La curva de demanda marshalliana / Martin J. Bailey – 8. Los efectos de la imitación, el snobismo y de Veblen en la teoría de la demanda del consumidor individual / Harvey Leibenstein – 9. Las bases de algunos progresos recientes en cuanto a la teoría de la empresa / Armen A. Alchian – 10. La división del trabajo resulta limitada por la extensión del mercado / George J. Stigler – 11. Una reconsideración del corto plazo / Louis De Alessi – 12. Costos y producción / Armen A. Alchian – 13. Una exposición no matemática de la programación matemática o lineal / Robert Dorfman – 14. ¿Qué es competencia perfecta? / Joan Robinson – 15. El concepto de monopolio y la medición del poder de monopolio / Abba P. Lerner – 16. Excesos de capacidad y competencia monopolística / John M. Cassels – 17. Un tratamiento para los gastos de publicidad / Norman S. Buchanan – 18. La curva de demanda aplanada y la teoría de la utilidad / G. Warren Nutter – 19. Naturaleza del equilibrio en la competencia monopolística / Harold Demsetz – 20. Firmas con plantas múltiples, cártels y competencia imperfecta / Don Patinkin – 21. Los mapas de indiferencia de Stackelberg: extensión del análisis a mercados relacionados / William Fellner – 22. Entrada potencial al oligopolio / Douglas Needham – 23. Aspectos económicos de la fijación de precios de transferencia / Jack Hirshleifer – 24. El problema de las proporciones de uso de los factores en los países subdesarrollados / Richard S. Eckaus – 25. Crimen y castigo: un enfoque económico / Gary S. Becker – 26. La discriminación de precios en medicina / Reuben A. Kessel – 27. El teorema de Euler y el problema de la distribución / Joan Robinson – 28. Una reformulación de la teoría ingenua del beneficio / Martin Bronfenbrenner – 29. La geometría del capital y el interés: Una propuesta de simplificación / Donald J. Dewey – 30. El mercado de trabajo de los jugadores de béisbol / Simon Rottenberg – 31. Efectos de los sindicatos en la asignación de los recursos / Albert Ress – 32. Análisis simplificado de la maximización del bienestar / Francis M. Bator – 33. El problema del costo social / Ronald Coase – 34. Anatomía del fracaso del mercado / Francis M. Bator – 35. Exposición diagramática de una teoría del gasto público / Paul A. Samuelson – 36. Una teoría económica de los clubes / James M. Buchanan.
590 ## - LOCAL NOTE (RLIN)
Local note niveau_biblio:m niveau_hierar:0
700 1# - ADDED ENTRY--PERSONAL NAME
Personal name Hochman, Harold M.
700 1# - ADDED ENTRY--PERSONAL NAME
Personal name Givogri, Carlos A.
856 41 - ELECTRONIC LOCATION AND ACCESS
Uniform Resource Identifier <a href="https://biblioeco.unsa.edu.ar/pmb/images/libros/L128629.jpg">https://biblioeco.unsa.edu.ar/pmb/images/libros/L128629.jpg</a>
Link text Imagen de portada
Electronic format type image/jpeg
942 ## - ADDED ENTRY ELEMENTS (KOHA)
Koha item type
Existencias
Withdrawn status Lost status Damaged status Not for loan Home library Current library Shelving location Date acquired Total checkouts Full call number Barcode Date last seen Price effective from Koha item type
        Biblioteca Prof. Eusebio Cleto del Rey Biblioteca Prof. Eusebio Cleto del Rey   07/04/2026   330.101.542 B835 2ed. L128629 07/04/2026 07/04/2026 Libro